=LDR 00000nam 2200000 4500 =001 INLIS000000000001091 =005 20130612085513 =008 ***********************************Ind** =035 ##$$0010-061300000001091 =041 ##$$a Ind =082 ##$$a 372.3 =090 ##$$a 372.3, Muj-p =100 ##$$a MUJIMAN =245 ##$$a Peternakan: pendidikan dasar paket 2: Itik, Mujiman =260 ##$$b Garuda Buana Indah =300 ##$$a ii, 49 hlm, ilus, 21 cm =650 ##$$a PENDIDIKAN DASAR =650 ##$$a PETERNAKAN ITIK =850 ##$$a NBPNMAT